| 000 | 00849cam a2200265Ia 4500 | ||
|---|---|---|---|
| 001 | 39036 | ||
| 005 | 20230410101657.0 | ||
| 008 | 070125s2000 ht b 000 0 fre d | ||
| 035 | _a(OCoLC)ocm80018796 | ||
| 040 |
_aTEF _cTEF _dDRFGD |
||
| 035 | _a(OCoLC)80018796 | ||
| 043 | _anwht--- | ||
| 050 | 1 | 4 |
_a110 HE 5646 _bB517n 2000 |
| 100 | 1 | _aBernadin, Frantz. | |
| 245 | 1 | 0 |
_aNotre-Dame de l'automobile : _bpsychosociologie de l'automobilisme en Haiti / _cFrantz Bernadin. |
| 260 |
_aPort-au-Prince : _bLa Presse Evangelique, _c2000. |
||
| 300 |
_a106 p. ; _c21 cm. |
||
| 504 | _aIncludes bibliographical references (p. 104-106). | ||
| 650 | 0 |
_aAutomobiles _xSocial aspects _zHaiti. |
|
| 650 | 0 |
_aAutomobile drivers _zHaiti _xPsychology. |
|
| 650 | 4 | _aCEH | |
| 650 | 4 | _aColección Estudios Haitianos | |
| 942 |
_2lcc _cbk |
||
| 994 |
_aC0 _bDRFGD |
||
| 999 |
_c12053 _d12053 |
||